The functional aspeds of communication skills : (Record no. 8075)

MARC details
000 -LEADER
fixed length control field 00417nam a2200133 a 4500
100 1# - MAIN ENTRY--AUTHOR NAME
Personal name Prasad P
245 10 - TITLE STATEMENT
Title The functional aspeds of communication skills :
260 ## - PUBLICATION, DISTRIBUTION, ETC. (IMPRINT)
Place of publication New Delhi :
Name of publisher S.K Kataria,
Year of publication 2010.
300 ## - PHYSICAL DESCRIPTION
Number of Pages 318 p.
856 40 - ELECTRONIC LOCATION AND ACCESS
Uniform Resource Identifier http://www.amazon.com/exec/obidos/ASIN/chopaconline-20
Holdings
Withdrawn status Lost status Home library Current library Date acquired Cost, normal purchase price Full call number Accession Number Koha item type
    Central Library, QUEST, Nawabshah Central Library, QUEST, Nawabshah 15/07/2014 473.00 302.2PRA 42403 Books
    Central Library, QUEST, Nawabshah Central Library, QUEST, Nawabshah 15/07/2014 473.00 302.2PRA 42404 Books
    Central Library, QUEST, Nawabshah Central Library, QUEST, Nawabshah 15/07/2014 473.00 302.2PRA 42405 Books